Statistiche per Canzoni di Caparezza

Clicka qui per fare il quiz!

Statistiche generali

  • Questo quiz è stato fatto 40 volte
  • Il punteggio medio è 45 su 133

Statistiche sulle risposte

HintRisposta% Corretto
Verità SupposteFuori Dal Tunnel
94%
Prisoner 709Prisoner 709
79%
MuseicaMica Van Gogh
76%
Verità SupposteVengo Dalla Luna
76%
ExuviaExuvia
73%
Le Dimensioni Del Mio CaosVieni A Ballare In Puglia
73%
MuseicaChina Town
70%
Habemus CapaLa Mia Parte Intollerante
70%
Prisoner 709Ti Fa Stare Bene
70%
Verità SupposteJodellavitanonhocapitouncazzo
67%
Prisoner 709Una Chiave
67%
Le Dimensioni Del Mio CaosAbiura Di Me
64%
MuseicaAvrai Ragione Tu (Ritratto)
64%
Verità SupposteIl Secondo Secondo Me
64%
ExuviaLa Scelta
64%
Le Dimensioni Del Mio CaosIlaria Condizionata
61%
Habemus CapaHabemus Capa
58%
ExuviaLa Certa
55%
MuseicaNon Me Lo Posso Permettere
55%
ExuviaEl Sendero
52%
Le Dimensioni Del Mio CaosEroe (Storia Di Luigi Delle Bicocche)
52%
Il Sogno EreticoKevin Spacey
52%
Habemus CapaDalla Parte Del Toro
48%
Verità SupposteLa Legge Dell'Ortica
48%
Il Sogno EreticoSono Il Tuo Sogno Eretico
48%
MuseicaArgenti Vive
45%
Il Sogno EreticoChi Se Ne Frega Della Musica
45%
Il Sogno EreticoGoodbye Malinconia
45%
Il Sogno EreticoIl Dito Medio Di Galileo
45%
?!La Fitta Sassaiola Dell'Ingiuria
45%
ExuviaCanthology
42%
ExuviaContronatura
42%
Il Sogno EreticoLegalize The Premier
42%
Prisoner 709Prosopagno Sia!
42%
Prisoner 709Prosopagnosia
42%
Le Dimensioni Del Mio CaosIo Diventerò Qualcuno
39%
Prisoner 709Larsen
39%
MuseicaTeste Di Modì
39%
Habemus CapaTorna Catalessi
39%
ExuviaZeit!
39%
Habemus CapaAnnunciatemi Al Pubblico
36%
MuseicaCompro Horror
36%
Prisoner 709Confusianesimo
36%
Verità SupposteGiuda Me
36%
Habemus CapaGli Insetti Del Podere
36%
Il Sogno EreticoTi Sorrido Mentre Affogo
36%
Le Dimensioni Del Mio CaosCacca Nello Spazio
33%
MuseicaComunque Dada
33%
MuseicaFigli D'Arte
33%
Habemus CapaInno Verdano
33%
Le Dimensioni Del Mio CaosLa Rivoluzione Del Sessintutto
33%
Verità SupposteLimiti
33%
Il Sogno EreticoNon Siete Stato Voi
33%
Prisoner 709Autoipnotica
30%
ExuviaAzzera Pace
30%
ExuviaCampione Dei Novanta
30%
MuseicaCanzone All'Entrata
30%
MuseicaCanzone All'Uscita
30%
ExuviaCome Pripyat
30%
Verità SupposteDagli All'Untore
30%
ExuviaEyes Wide Shut
30%
?!Intro
30%
Il Sogno EreticoLa Fine Di Gaia
30%
?!Mammamiamamma
30%
Verità SupposteNel Paese Dei Balordi
30%
Verità SupposteNessuna Razza
30%
MuseicaCanzone A Metà
27%
MuseicaCover
27%
Verità SupposteDualismi
27%
Habemus CapaFelici Ma Trimoni
27%
Verità SupposteFollie Preferenziali
27%
Il Sogno EreticoHouse Credibility
27%
Le Dimensioni Del Mio CaosIl Circo Delle Pantegane
27%
ExuviaIl Mondo Dopo Lewis Carroll
27%
?!La Gente Originale
27%
?!Mea Culpa
27%
Prisoner 709Migliora La Tua Memoria Con Un Click
27%
Il Sogno EreticoNessun Dorma
27%
MuseicaTroppo Politico
27%
Il Sogno EreticoTutti Dormano
27%
Le Dimensioni Del Mio CaosBonobo Power
24%
?!Chi C*zzo Me Lo
24%
?!Dindalè Dindalò
24%
MuseicaE' Tardi
24%
Prisoner 709Forever Jung
24%
?!Fuck The Violenza
24%
ExuviaFugadà
24%
MuseicaGiotto Beat
24%
Prisoner 709Il Testo Che Avrei Voluto Scrivere
24%
MuseicaKitaro
24%
Prisoner 709La Caduta Di Atlante
24%
Verità SupposteL'Età Dei Figuranti
24%
ExuviaMarco E Ludo - Skit
24%
Prisoner 709Minimoog
24%
Habemus CapaMors Mea Tacci Tua
24%
Habemus CapaNinna Nanna Di Mazzaro
24%
Le Dimensioni Del Mio CaosNon Mettere Le Mani In Tasca
24%
Verità SupposteStango E Sbronzo
24%
?!Ti Clonerò
24%
?!Tutto Ciò Che C'è
24%
Le Dimensioni Del Mio CaosUlisse (You Listen)
24%
Il Sogno EreticoCose Che Non Capisco
21%
ExuviaEterno Paradosso
21%
Il Sogno EreticoLa Marchetta Di Popolino
21%
Il Sogno EreticoMessa In Moto
21%
?!Mi è Impossibile
21%
Le Dimensioni Del Mio CaosPimpami La Storia
21%
MuseicaSfogati
21%
Prisoner 709Sogno Di Potere
21%
Habemus CapaThe Auditels Family
21%
Habemus CapaTitoli
21%
?!Cammina Solo
18%
Le Dimensioni Del Mio CaosLa Grande Opera
18%
Prisoner 709L'Infinto
18%
Prisoner 709L'Uomo Che Premette
18%
Habemus CapaSono Troppo Stitico
18%
Le Dimensioni Del Mio CaosUn Vero Uomo Dovrebbe Lavare I Piatti
18%
Habemus CapaEpocalisse
15%
MuseicaFai Da Tela
15%
?!Il Conflitto
15%
Il Sogno EreticoLa Ghigliottina
15%
Verità SupposteLa Sindrome Di Lorena
15%
Il Sogno EreticoLottavo, Capitolo
15%
Habemus CapaSssaasss
15%
Habemus CapaTi Giri
15%
?!Uomini Di Molta Fede
15%
ExuviaGhost Memo - Skit
12%
ExuviaLa Matrigna - Skit
12%
ExuviaPi Esse - Skit
12%
Habemus CapaTii-Yan
12%
Habemus CapaIl Silenzio Dei Colpevoli
9%
Habemus CapaProfilo Psichico
9%
ExuviaUna Voce - Skit
9%

Distribuzione punteggi

Percentile per numero di risposta

Percentuale di utenti per punteggio

I tuoi punteggi nel tempo

Non hai fatto questo quiz